书目信息 |
| 题名: |
内科护理手册
|
|
| 作者: | 丁文群 编 | |
| 分册: | ||
| 出版信息: | 郑州 河南科学技术出版社 1983 |
|
| 页数: | 194页 | |
| 开本: | 19cm | |
| 丛书名: | ||
| 单 册: | ||
| 中图分类: | R473.5-62 , R473.5 | |
| 科图分类: | ||
| 主题词: | 内科学:护理学--手册 , 护理学:内科学--手册 , 护理学 | |
| 电子资源: | ||
| ISBN: | ||
| 000 | 00722nam0 2200277 45 | |
| 001 | 0183006710 | |
| 005 | 20060511173851.43 | |
| 010 | @dCNY0.75 | |
| 091 | @a14245.60 | |
| 100 | @a19950602d1983 em y0chiy0121 ea | |
| 101 | 0 | @achi |
| 102 | @aCN@b410000 | |
| 105 | @ay z 000yy | |
| 106 | @ar | |
| 200 | 10 | @a内科护理手册@Anei ke hu li shou ce@f丁文群等编 |
| 210 | @a郑州@c河南科学技术出版社@d1983 | |
| 215 | @a194页@d19cm | |
| 606 | @a内科学:护理学@x手册 | |
| 606 | @a护理学:内科学@x手册 | |
| 606 | 0 | @a护理学 |
| 690 | @aR473.5-62@v3 | |
| 690 | @aR473.5@v3 | |
| 701 | 0 | @a丁文群@Ading wen qun@4编 |
| 801 | 0 | @aCN@b上海图书馆@c20060511 |
| 801 | 2 | @aCN@bNLC@c20040524 |
| 905 | @f2@b106618-619@dR473.5@e12 | |
| 内科护理手册/丁文群等编.-郑州:河南科学技术出版社,1983 |
| 194页;19cm |
| ISBN :CNY0.75 |
| ● |
| 相关链接 |
|
|
|
|
正题名:内科护理手册
索取号:R473.5/12
 
预约/预借
| 序号 | 登录号 | 条形码 | 馆藏地/架位号 | 状态 | 备注 |
| 1 | 0106618 | 000714472 | 密集书库/ [索取号:R473.5/12] | 在馆 | |
| 2 | 0106619 | 000714445 | 第三借阅区/ [索取号:R473.5/12] | 在馆 | |
| 3 | 0106620 | 000714436 | 密集书库/ [索取号:R473.5/12] | 在馆 | |
| 4 | 0116999 | 202324118 | 密集书库/ [索取号:R473.5/12] | 在馆 |